Przypnij flagę - Ameryka Południowa - Statystyki

Ogólne statystyki
  • Ten quiz został rozwiązany 272 razy
  • Średni wynik to 9 z 14
Odpowiedzi na mapie
Odpowiedzi zakodowano w zielono-czerwonej skali na mapie do tego quizu, zgodnie z poniższymi procentami.
 
Statystyki odpowiedzi
Odpowiedź % Poprawnych
Brazylia
97%
Argentyna
89%
Chile
85%
Kolumbia
66%
Urugwaj
66%
Peru
63%
Wenezuela
63%
Gujana Francuska
62%
Ekwador
57%
Boliwia
54%
Falklandy
52%
Paragwaj
52%
Surinam
41%
Gujana
39%
Nie znaleziono quizów pasujących do podanych kryteriów
Rozkład punktacji
Procent ludzi z każdym wynikiem
Percentyl według liczby udzielonych odpowiedzi
Twoja historia wyników
Nie rozwiązałeś tego quizu